logo

Bir Sreshtho Munshi Abdur Rouf Library
Jhenaidah Cadet College

আলোর উৎস / (Record no. 4858)

MARC details
000 -LEADER
fixed length control field 00894nam a2200265 a 4500
001 - CONTROL NUMBER
JCCL Control Number 4858
003 - CONTROL NUMBER IDENTIFIER
JCCL marc code BD-JhCC
005 - DATE AND TIME OF LATEST TRANSACTION
control field 20220731134023.0
008 - FIXED-LENGTH DATA ELEMENTS--GENERAL INFORMATION
fixed length control field 171204s2007 b ||||| |||| 00| 0 b d
020 ## - INTERNATIONAL STANDARD BOOK NUMBER
International Standard Book Number 9840745727
035 ## - SYSTEM CONTROL NUMBER
system control number (BD-JhCC)
040 ## - CATALOGING SOURCE
Original cataloging agency BD-JhCC
Modifying agency BD-JhCC
041 ## - LANGUAGE CODE
Language code of Book ben
082 ## - DEWEY DECIMAL CLASSIFICATION NUMBER
Classification number 297.41
Author mark and Year HAL 2007
100 ## - MAIN ENTRY--PERSONAL NAME
Personal name ডব্লিউ. এইচ. টি গার্ডনার
245 ## - TITLE STATEMENT
Title আলোর উৎস /
Statement of responsibility, etc ডব্লিউ. এইচ. টি গার্ডনার :ইমাম আল-গিযালি
260 ## - PUBLICATION, DISTRIBUTION, ETC. (IMPRINT)
Place of publication, distribution, etc ঢাকা :
Name of publisher, distributor, etc বাংলা একাডেমী,
Date of publication, distribution, etc ২০০৭
300 ## - PHYSICAL DESCRIPTION
Pagination 150p. :
Dimensions 22cm.
600 ## - SUBJECT ADDED ENTRY--PERSONAL NAME
Personal name Islam
650 ## - SUBJECT ADDED ENTRY--TOPICAL TERM
Topical term or geographic name as entry element Sufism
General subdivision Doctring
700 ## - ADDED ENTRY--PERSONAL NAME
Personal name ডব্লিউ. এইচ. টি গার্ডনার
700 ## - ADDED ENTRY--PERSONAL NAME
Personal name আল-গিযালি, ইমাম
942 ## - ADDED ENTRY ELEMENTS (KOHA)
Source of classification or shelving scheme Dewey Decimal Classification
Koha item type Books
Koha issues (borrowed), all copies 2
Holdings
Source of classification or shelving scheme Damaged status Not for loan Home library Current library Shelving location Date of accession Cost, normal purchase price Total Checkouts Full call number Barcode Date last seen Date checked out Copy number Koha item type
Dewey Decimal Classification     JCC Rouf Library JCC Rouf Library General Stacks 12/04/2017 110.00 1 297.41 HAL 2007 6679 08/04/2022 07/30/2022 C- 2 Books

JCC Library | Contacts | JCC Home

Last Update on 23 September 2017
Copyright @ 2017-2020 JCC Rouf Library
Rouf Library, Jhenidah Cadet College (JCC), Bangladesh